Statistics for Highest Cap Hit of Each NHL Team

Click here to take the quiz!

General Stats

  • This quiz has been taken 45 times
  • The average score is 25 of 31

Answer Stats

TeamCap Hit in USDPlayer% Correct
Chicago Blackhawks10 500 000Patrick Kane / Jonathan Toews
95%
Edmonton Oilers12 500 000Connor McDavid
92%
Carolina Hurricanes8 454 000Sebastian Aho
92%
Dallas Stars9 850 000Tyler Seguin
92%
New York Rangers11 642 857Artemi Panarin
89%
Toronto Maple Leafs11 634 000Auston Matthews
89%
Detroit Red Wings6 100 000Dylan Larkin
89%
Pittsburgh Penguins9 500 000Evgeni Malkin
89%
Tampa Bay Lightning9 500 000Nikita Kucherov
89%
Anaheim Ducks8 250 000Ryan Getzlaf
89%
Washington Capitals9 538 462Alex Ovechkin
86%
Montreal Canadiens10 500 000Carey Price
86%
Los Angeles Kings11 000 000Drew Doughty
86%
San Jose Sharks11 500 000Erik Karlsson
86%
Buffalo Sabres10 000 000Jack Eichel
86%
Philadelphia Flyers8 735 000Claude Giroux
84%
Colorado Avalanche9 250 000Mikko Rantanen
84%
St. Louis Blues7 500 000Ryan O'Reilly / Vladimir Tarasenko
84%
Winnipeg Jets8 250 000Blake Wheeler
81%
Vegas Golden Knights9 500 000Mark Stone
81%
Florida Panthers10 000 000Sergei Bobrovsky
81%
Arizona Coyotes8 250 000Oliver Ekman-Larsson
78%
New York Islanders7 000 000Anders Lee
73%
Nashville Predators8 000 000Matt Duchene / Ryan Johansen
73%
Calgary Flames7 000 000Matthew Tkachuk
73%
Minnesota Wild7 538 462Zach Parise
73%
Boston Bruins7 250 000David Krejci
65%
New Jersey Devils9 000 000P.K. Subban
62%
Vancouver Canucks6 000 000Alexander Edler / Tyler Myers / Loui Eriksson
49%
Columbus Blue Jackets5 875 000Cam Atkinson
46%
Ottawa Senators7 250 000Bobby Ryan
30%

Score Distribution

Percentile by Number Answered

Percent of People with Each Score

Your Score History

You have not taken this quiz